Instructional strategies for Middle and High School

Saved in:
Bibliografiske detaljer
Main Authors: Larson, Bruce E (Author), Keiper, Timothy A (Author)
Format: Bog
Sprog:engelsk
Udgivet: Nueva York Routledge 2013
Udgivelse:2a. ed
Fag:
Tags: Tilføj Tag
Ingen Tags, Vær først til at tagge denne postø!

MARC

LEADER 00000cam a2200000 a 4500
001 UCD1367
003 CL-VaPUC
008 160303e20130000us |||||||||||||||||eng|d
020 |a 9780415898133 
082 0 4 |a 373.1102  |b LAR  |2 21 
100 0 |a Larson, Bruce E  |e author  |9 584469 
700 0 |a Keiper, Timothy A  |e author  |9 584470 
245 1 0 |a Instructional strategies for Middle and High School 
250 |a 2a. ed 
300 |a 335 p 
942 |c BK 
945 |d 20160303 03:41:00  |a dcastane 
260 |a Nueva York  |b Routledge  |c 2013 
650 0 |a Curriculos  |9 343652 
650 0 |a Métodos de enseñanza  |9 270413 
583 |a last modification  |c 20170829 05:08:50  |k Rodrigo Vera 
999 |c 362715  |d 362713 
952 |0 0  |1 0  |3 erb  |4 0  |6 373_110200000000000_LAR_2013  |7 0  |8 A  |9 474146  |a BIBCUR  |b BIBCUR  |i 5264847  |o 373.1102 LAR 2013  |p 5264847  |r 2025-04-22  |w 2019-11-24  |y BK  |z Catalogado en:20160303  |k QUI 
952 |0 0  |1 0  |3 erb  |4 0  |6 373_110200000000000_LAR_2013  |7 0  |8 A  |9 474147  |a BIBCUR  |b BIBCUR  |i 5264855  |o 373.1102 LAR 2013  |p 5264855  |r 2025-04-22  |w 2019-11-24  |y BK  |z Catalogado en:20160303  |k QUI